000 00677nam a2200229Ia 4500
003 GCL
008 140319s9999 xx 000 0 ara d
040 _aGCL /
_cGCL
082 0 4 _aط
_b813.08
_bس ق
100 1 _aامين دويدار
245 1 0 _aالزعيم الصغير /
_cامين دويدار
700 1 _aمحمود زايد (مترجم)
700 1 _aسعيد العريان
700 1 _aمحمود زهران
260 _a[S.N] :
_bدار المعارف ،
_c1993
300 _a46 ص
490 _aسلسلة القصص المدرسية
_v0
650 0 4 _aالاطفال
650 0 4 _aالقصص
650 0 4 _aقصص الاطفال
942 _2ddc
_cBK
999 _c56429
_d56429